000 00924nam a2200217Ia 4500
003 Ost
005 20260507075646.0
008 260507s9999||||xx |||||||||||||| ||und||
020 _a5029069957
040 _cfsecg
041 _aara
082 _a332.6
100 _aالراوي، خالد وهيب
_eمؤلف
245 0 _aالإستثمار :
_bمفاهيم، تحليل، استراتيجية /
_c خالد وهيب الراوي
260 _aعمان:
_bدار المسيرة للنشر والتوزيع,
_c1999
300 _a396 صفحة؛
_bإيضاحات ؛
_c25 سم
520 _aالقطاع المالي في الإقتصاد- قرارات الإستثمار- أسواق الإستثمار- نموذج تسعير الأصول الراسمالية- المحافظة الإستثمارية المختلطة.
653 _aالإستثمار
653 _aالإستثمار المالي
942 _cكتاب
999 _c45481
_d45481